Detekcia bootovacích počítačových vírusov pomocou heuristickej analýzy : Diplomová práca

Gespeichert in:
Bibliographische Detailangaben
1. Verfasser: Trnka, Miroslav (Verfasst von)
Weitere Verfasser: Moravčík, Oliver, 1952- (xxx)
Format: Manuskript Buch
Sprache:Slowakisch
Veröffentlicht: Trnava : STU v Bratislave MtF KAIA, 1995
Schlagworte:
Tags: Tag hinzufügen
Keine Tags, Fügen Sie das erste Tag hinzu!

MARC

LEADER 00000ntm a22000003a 4500
001 stu61312
005 20160719155118.7
008 010925s1995----xo------------------slo-d
040 |a STU  |b slo 
041 0 |a slo 
044 |a xo 
100 1 |a Trnka, Miroslav  |4 aut 
245 1 |a Detekcia bootovacích počítačových vírusov pomocou heuristickej analýzy :  |b Diplomová práca 
260 |a Trnava :  |b STU v Bratislave MtF KAIA,  |c 1995 
300 |a 72 s  |c výťah 
650 7 |a Vírusy počítačové  |2 stusub 
650 7 |a Detektory heuristické  |2 stusub 
650 7 |a aplikovaná informatika a automatizácia v priemysle  |2 stusub 
700 1 |a Moravčík, Oliver,  |d 1952-  |4 xxx  |u M6000  |U MTF Materiálovotechnologická fakulta  |T MTF Ústav aplikovanej informatiky, automatizácie a matematiky  |X 268  |U M6000  |Y 86  |7 A000000268 
996 |b 284M033276  |c M*DP-1268  |l MMSKP  |s P  |a 0  |w stu61312_0001